• 首页
  • 本馆介绍
  • 公告通知
  • 最新文献
  • 馆藏检索
  • 电子资源
  • 读者导购
  • 参考咨询
  • 我的图书馆
  • 登录
  • 详细信息显示
  • 放入我的书架
  • 预约/预借图书
  • 作者相关作品
  • 分类相关作品
  • 丛书相关作品
  • 出版社相关作品

书目信息

  • 表格格式
  • 工作单格式
  • 卡片格式
题名:
徐国琼学术文选
    
 
作者: 徐国琼 著
分册:  
出版信息: 昆明   云南人民出版社  2015
页数: 273页
开本: 24cm
丛书名: 云南文库·学术名家文丛
单 册:
中图分类: I207.914.22
科图分类:
主题词:
电子资源:
ISBN: 978-7-222-12992-4
000 01144oam2 2200265 450
001 012001003791
005 20140926114741.0
010    @a978-7-222-12992-4@dCNY56.00
100    @a20150920d2015 em y0chiy50 ea
101 0  @achi
102    @aCN@b530000
105    @ay z 000yy
106    @ar
200 1  @a徐国琼学术文选@9xu guo qiong xue shu wen xuan@e《格萨尔》史诗求索@f徐国琼著
210    @a昆明@c云南人民出版社@c云南大学出版社@d2015
215    @a273页@d24cm
225 1  @a云南文库·学术名家文丛@f张瑞才主编
330    @a本书收录了作者深入民间挖掘、搜集、整理的有关《格萨尔》史诗研究的珍贵资料文章22篇。这些“格学”文章,从不同的角度对《格萨尔》史诗产生的时代、历史背景,对史诗的主人公、主题思想、战略战术,对史诗所涉民俗、神话色彩、《格萨尔》民间说唱艺人、不同版本的《格萨尔》的关系、国外《格萨尔》的研究情况等有关课题进行探索研究。
461  0 @12001 @a云南文库·学术名家文丛
517 1  @a《格萨尔》史诗求索@9《ge sa er》shi shi qiu suo
605    @a《格萨尔》@x诗歌研究
690    @aI207.914.22@v5
701  0 @a徐国琼@9xu guo qiong@f(1928.5-)@4著
801  0 @aCN@b上海新华@c20180901
905    @b1165151-5@dI207.914.22@e886@f5
    
    徐国琼学术文选:《格萨尔》史诗求索/徐国琼著.-昆明:云南人民出版社:云南大学出版社,2015
    273页;24cm.-(云南文库·学术名家文丛/张瑞才主编)
    
    
    ISBN 978-7-222-12992-4:CNY56.00
    本书收录了作者深入民间挖掘、搜集、整理的有关《格萨尔》史诗研究的珍贵资料文章22篇。这些“格学”文章,从不同的角度对《格萨尔》史诗产生的时代、历史背景,对史诗的主人公、主题思想、战略战术,对史诗所涉民俗、神话色彩、《格萨尔》民间说唱艺人、不同版本的《格萨尔》的关系、国外《格萨尔》的研究情况等有关课题进行探索研究。
●
相关链接 在E读中查询图书 在五车中查询图书 在当当中查询图书 在豆瓣中查询图书


正题名:徐国琼学术文选     索取号:I207.914.22/886         预约/预借

序号 登录号 条形码 馆藏地/架位号 状态 备注
1 1165151   211651513   第一样本阅览室/ [索取号:I207.914.22/886] 在馆    
2 1165152   211651522   密集书库-文学院/ [索取号:I207.914.22/886] 在馆    
3 1165153   211651531   第二借阅区/ [索取号:I207.914.22/886] 在馆    
4 1165154   211651540   第二借阅区/ [索取号:I207.914.22/886] 在馆    
5 1165155   211651559   第二借阅区/ [索取号:I207.914.22/886] 在馆    
唐山师范学院图书馆 欢迎您!
大连网信软件有限公司© 版权所有